[Event "Agzamov Memorial 17th"]
[Site "Tashkent"]
[Date "2024.04.01"]
[Round "8"]
[White "Nikitenko, Mihail"]
[Black "Lalith, Babu MR"]
[Result "0-1"]
[WhiteElo "2532"]
[BlackElo "2506"]
[PlyCount "102"]
[EventDate "2024.03.27"]
[EventType "swiss"]
[EventRounds "10"]
[EventCountry "UZB"]
[SourceTitle "CB14_2024"]
[SourceDate "2024.04.01"]
[SourceVersion "1"]
[SourceVersionDate "2024.04.01"]
[SourceQuality "1"]

1. e4 e5 2. Nf3 Nc6 3. Bb5 a6 4. Ba4 d6 5. 0-0 Bd7 6. Re1 g5 7. d4 g4 8. d5 Nb8 9. Bxd7+ Nxd7 10. Nfd2 h5 11. a4 Bh6 12. a5 Qf6 13. Ra3 Ne7 14. b4 Qg6 15. Nf1 Bxc1 16. Qxc1 0-0 17. Nbd2 f5 18. c4 fxe4 19. Nxe4 Rf4 20. Nfd2 Raf8 21. g3 R4f7 22. Rd3 Nf5 23. c5 Nd4 24. cxd6 cxd6 25. Rc3 Nb5 26. Rc4 Nf6 27. Nxf6+ Rxf6 28. Ne4 Rf5 29. Rc8 Nd4 30. Kg2 Qf7 31. Rxf8+ Qxf8 32. Qc7 Rf7 33. Qb6 Rd7 34. Re3 Kg7 35. h4 gxh3+ 36. Kxh3 Nc2 37. Rc3 Qf5+ 38. Kh2 Qxe4 39. Rc7 Qf5 40. Qxb7 Qxf2+ 41. Kh3 Qf1+ 42. Kh2 Qe2+ 43. Kh3 Rxc7 44. Qxc7+ Kf6 45. Qxd6+ Kf5 46. Qe6+ Ke4 47. d6 Qg4+ 48. Qxg4+ hxg4+ 49. Kxg4 Nxb4 50. Kh5 Kd5 51. d7 Nc6 0-1

[Event "Tashkent Schev 01"]
[Site "Tashkent"]
[Date "2024.01.28"]
[Round "8.3"]
[White "Nikitenko, Mihail"]
[Black "Suyarov, Mukhammadzokhid"]
[Result "1-0"]
[WhiteElo "2533"]
[BlackElo "2413"]
[PlyCount "77"]
[EventDate "2024.01.23"]
[EventType "schev"]
[EventRounds "10"]
[EventCountry "UZB"]
[SourceTitle "CB05_2024"]
[SourceDate "2024.01.31"]
[SourceVersion "1"]
[SourceVersionDate "2024.01.31"]
[SourceQuality "1"]
[WhiteTeam "World"]
[BlackTeam "Uzbekistan"]
[BlackTeamCountry "UZB"]

1. d4 e6 2. Nf3 Nf6 3. c4 b6 4. g3 Bb7 5. Bg2 Bb4+ 6. Bd2 Be7 7. Nc3 c6 8. Bf4 d5 9. cxd5 Nxd5 10. Qd2 0-0 11. 0-0 Nxf4 12. Qxf4 Nd7 13. Rfd1 Rc8 14. Rac1 Nf6 15. Ne5 Nd5 16. Qd2 Bd6 17. Nd3 Qe7 18. e4 Nxc3 19. Qxc3 h6 20. e5 Bb8 21. b4 Rfd8 22. a3 Rd7 23. h4 Rcd8 24. Nb2 a6 25. Nc4 Ba7 26. Bf3 Rc8 27. Nd2 Bb8 28. Nb3 Ba7 29. a4 Rcd8 30. Qe1 b5 31. axb5 cxb5 32. Bxb7 Rxb7 33. Na5 Rc7 34. Nc6 Rxc6 35. Rxc6 Qb7 36. Rd6 Rxd6 37. exd6 Qd7 38. d5 Qxd6 39. Kg2 1-0

[Event "Tashkent Schev 01"]
[Site "Tashkent"]
[Date "2024.01.25"]
[Round "4.2"]
[White "Nikitenko, Mihail"]
[Black "Begmuratov, Khumoyun"]
[Result "1/2-1/2"]
[WhiteElo "2533"]
[BlackElo "2393"]
[PlyCount "112"]
[EventDate "2024.01.23"]
[EventType "schev"]
[EventRounds "10"]
[EventCountry "UZB"]
[SourceTitle "CB05_2024"]
[SourceDate "2024.01.31"]
[SourceVersion "1"]
[SourceVersionDate "2024.01.31"]
[SourceQuality "1"]
[WhiteTeam "World"]
[BlackTeam "Uzbekistan"]
[BlackTeamCountry "UZB"]

1. c4 Nf6 2. Nf3 e6 3. Nc3 d5 4. e3 Be7 5. d4 0-0 6. Be2 dxc4 7. Bxc4 c5 8. 0-0 cxd4 9. Nxd4 Qc7 10. Qe2 a6 11. a3 b5 12. Ba2 Nc6 13. Nxc6 Qxc6 14. e4 Bb7 15. f3 Rfd8 16. Be3 Bc5 17. Rac1 Qb6 18. Bxc5 Qxc5+ 19. Qf2 Qxf2+ 20. Rxf2 Rac8 21. Rfc2 Kf8 22. Ne2 Rxc2 23. Rxc2 Rc8 24. Rxc8+ Bxc8 25. b4 e5 26. Nc1 Ke7 27. Nd3 Be6 28. Bxe6 Kxe6 29. Kf2 Nd7 30. g3 Kd6 31. f4 f6 32. Kf3 Nb6 33. Nc5 Nc4 34. Nxa6 Nxa3 35. Nc5 Nc2 36. Nd3 Nd4+ 37. Ke3 Nc2+ 38. Kd2 Nd4 39. Ne1 g6 40. Kd3 Ke6 41. Ke3 Kd6 42. h3 Nc6 43. Nc2 exf4+ 44. gxf4 g5 45. Na3 gxf4+ 46. Kxf4 Nxb4 47. Nxb5+ Ke7 48. Nd4 Nd3+ 49. Kf5 Ne5 50. Ne2 Nc4 51. h4 Kf7 52. h5 Ke7 53. Kf4 Ne5 54. Nc3 Ke6 55. Nd5 Nc6 56. Nc7+ Kf7 1/2-1/2

[Event "Tashkent Schev 01"]
[Site "Tashkent"]
[Date "2024.01.24"]
[Round "3.3"]
[White "Suyarov, Mukhammadzokhid"]
[Black "Nikitenko, Mihail"]
[Result "0-1"]
[WhiteElo "2413"]
[BlackElo "2533"]
[PlyCount "74"]
[EventDate "2024.01.23"]
[EventType "schev"]
[EventRounds "10"]
[EventCountry "UZB"]
[SourceTitle "CB05_2024"]
[SourceDate "2024.01.31"]
[SourceVersion "1"]
[SourceVersionDate "2024.01.31"]
[SourceQuality "1"]
[WhiteTeam "Uzbekistan"]
[BlackTeam "World"]
[WhiteTeamCountry "UZB"]

1. d4 Nf6 2. Nc3 d5 3. Bf4 c6 4. e3 Bf5 5. f3 h5 6. Bd3 e6 7. Nge2 Bxd3 8. Qxd3 Bd6 9. Bg5 Qa5 10. h4 Qa6 11. e4 Qxd3 12. cxd3 Ng8 13. Kf2 Nd7 14. Bf4 Bxf4 15. Nxf4 Ne7 16. Rad1 g6 17. Nce2 Kf8 18. Rdg1 a5 19. Ke3 Ra6 20. Kd2 Rb6 21. Kc2 Kg7 22. g4 hxg4 23. Rxg4 dxe4 24. fxe4 c5 25. dxc5 Nxc5 26. Nc3 Nc6 27. h5 Nb4+ 28. Kd2 e5 29. a3 Nc6 30. Nfd5 Rxb2+ 31. Ke3 Ne6 32. Rgh4 Rxh5 33. Rxh5 gxh5 34. Rxh5 b5 35. Rh1 Ncd4 36. Rb1 Rg2 37. Ne7 Rc2 0-1

[Event "BLR-ch 90th"]
[Site "Minsk"]
[Date "2024.01.16"]
[Round "7"]
[White "Nikitenko, Mihail"]
[Black "Tsaruk, Maksim"]
[Result "1/2-1/2"]
[WhiteElo "2533"]
[BlackElo "2465"]
[PlyCount "106"]
[EventDate "2024.01.10"]
[EventType "tourn"]
[EventRounds "9"]
[EventCountry "BLR"]
[EventCategory "2"]
[SourceTitle "CB04_2024"]
[SourceDate "2023.10.16"]
[SourceVersion "1"]
[SourceVersionDate "2023.10.16"]
[SourceQuality "1"]

1. d4 d5 2. Nf3 Nf6 3. g3 Bf5 4. Bg2 e6 5. 0-0 Be7 6. c4 c6 7. Nc3 h6 8. b3 0-0 9. Bb2 Nbd7 10. e3 Ne4 11. Ne2 Qb6 12. c5 Qa6 13. Nd2 Nxd2 14. Qxd2 b6 15. b4 Qd3 16. Rfd1 Qxd2 17. Rxd2 a5 18. a3 Rfb8 19. Nc3 axb4 20. axb4 Rxa1+ 21. Bxa1 bxc5 22. bxc5 e5 23. Bf3 exd4 24. exd4 Bf6 25. Kg2 Rb4 26. Na2 Rb3 27. g4 Bg6 28. Nc3 Nxc5 29. Bd1 Ne4 30. Bxb3 Nxd2 31. Ba4 Bxd4 32. Bxc6 Nb1 33. Nxb1 Bxa1 34. Na3 Bb2 35. Nb5 d4 36. Nd6 Bc2 37. Be4 d3 38. Nc4 Bd4 39. h3 Bb1 40. Nd2 Bc2 41. Nc4 h5 42. gxh5 Bd1 43. Bxd3 Bxh5 44. Nd2 Bd1 45. Nf3 Bc3 46. Bc4 Kf8 47. Ng5 f5 48. Nf3 Ke7 49. Bd5 Kf6 50. h4 Kg6 51. Kg3 Bf6 52. Kf4 Bxf3 53. Kxf3 Bxh4 1/2-1/2

[Event "RUS-chT Rapid"]
[Site "Sochi"]
[Date "2023.10.18"]
[Round "2.10"]
[White "Nikitenko, Mihail"]
[Black "Tsydypov, Zhamsaran"]
[Result "1-0"]
[WhiteElo "2527"]
[BlackElo "2548"]
[PlyCount "118"]
[EventDate "2023.10.18"]
[EventType "team-swiss (rapid)"]
[EventRounds "9"]
[EventCountry "RUS"]
[SourceTitle "Mega2024 Update 01"]
[Source "Chessbase"]
[SourceDate "2023.11.12"]
[SourceVersion "1"]
[SourceVersionDate "2023.11.12"]
[SourceQuality "1"]
[WhiteTeam "Belarus"]
[BlackTeam "Tatarstan Ladya"]
[WhiteTeamCountry "BLR"]
[BlackTeamCountry "RUS"]

1. e4 d6 2. d4 Nf6 3. Bd3 e5 4. c3 g6 5. Nf3 Nc6 6. h3 Bg7 7. 0-0 0-0 8. Re1 h6 9. a4 Nh7 10. Bf1 Kh8 11. Na3 Qe7 12. Nc4 Rd8 13. Ne3 exd4 14. Nd5 Qd7 15. cxd4 Ne7 16. Nc3 c6 17. Qb3 Kg8 18. Bc4 d5 19. exd5 cxd5 20. Bb5 Qc7 21. Ne5 Be6 22. Bf4 Qb6 23. Qd1 Nf5 24. a5 Qxd4 25. Nd3 a6 26. Ba4 Rac8 27. Rc1 Ng5 28. Bb3 Qa7 29. Ne5 Qd4 30. Nxg6 Qxd1 31. Rcxd1 Bxc3 32. bxc3 Rxc3 33. Ba2 d4 34. Bxg5 hxg5 35. Rxe6 fxe6 36. Bxe6+ Kg7 37. Bxf5 d3 38. Kf1 Kf6 39. g4 d2 40. Ke2 Rxh3 41. Rxd2 Rxd2+ 42. Kxd2 Ra3 43. Nf8 Rxa5 44. Nh7+ Ke5 45. Nxg5 Ra2+ 46. Ke3 b5 47. f4+ Kf6 48. Ne4+ Ke7 49. Nc3 Rg2 50. g5 Kf7 51. Bd3 b4 52. Ne2 a5 53. Kf3 Rh2 54. f5 a4 55. Bc4+ Kf8 56. f6 Rh3+ 57. Ke4 b3 58. g6 Rh4+ 59. Nf4 Ke8 1-0

[Event "RUS-chT Blitz"]
[Site "Sochi"]
[Date "2023.10.17"]
[Round "9.22"]
[White "Kezin, Roman"]
[Black "Nikitenko, Mihail"]
[Result "1-0"]
[WhiteElo "2505"]
[BlackElo "2527"]
[PlyCount "59"]
[EventDate "2023.10.17"]
[EventType "team-swiss (blitz)"]
[EventRounds "13"]
[EventCountry "RUS"]
[SourceTitle "Mega2024 Update 01"]
[Source "Chessbase"]
[SourceDate "2023.11.12"]
[SourceVersion "1"]
[SourceVersionDate "2023.11.12"]
[SourceQuality "1"]
[WhiteTeam "Novosibirsk Region"]
[BlackTeam "Belarus"]
[WhiteTeamCountry "RUS"]
[BlackTeamCountry "BLR"]

1. d4 Nf6 2. c4 e6 3. Nf3 d5 4. g3 Be7 5. Bg2 0-0 6. 0-0 c6 7. Qc2 b6 8. Nbd2 Bb7 9. e4 Na6 10. a3 c5 11. exd5 exd5 12. dxc5 Nxc5 13. b4 Ne6 14. Bb2 Rc8 15. Rfd1 dxc4 16. Nxc4 Qc7 17. Rac1 Rfd8 18. Be5 Rxd1+ 19. Qxd1 Qd7 20. Ne3 Rxc1 21. Qxc1 Ne4 22. Nf5 Bf8 23. h4 a5 24. bxa5 bxa5 25. Bb2 Bc5 26. Ne3 h6 27. Ne5 Qb5 28. N5c4 Nd4 29. Qd1 Nf6 30. Bxd4 1-0

[Event "SRB-chT Premier"]
[Site "Bajina Basta"]
[Date "2023.09.23"]
[Round "6.5"]
[White "Nikitenko, Mihail"]
[Black "Pastar, Slaven"]
[Result "1/2-1/2"]
[WhiteElo "2521"]
[BlackElo "2357"]
[PlyCount "134"]
[EventDate "2023.09.18"]
[EventType "team-tourn"]
[EventRounds "11"]
[EventCountry "SRB"]
[SourceTitle "EXT 2024"]
[Source "ChessBase"]
[SourceDate "2023.10.10"]
[SourceVersion "1"]
[SourceVersionDate "2023.10.10"]
[SourceQuality "1"]
[WhiteTeam "Kac Jugovic"]
[BlackTeam "Petrovaradin Kraljica"]
[WhiteTeamCountry "SRB"]
[BlackTeamCountry "SRB"]

1. e4 e5 2. Nf3 Nf6 3. Nc3 Nc6 4. Bb5 Bb4 5. 0-0 0-0 6. d3 d6 7. Ne2 Ne7 8. c3 Ba5 9. Ba4 c6 10. Ng3 Ng6 11. Re1 b5 12. Bc2 b4 13. Bd2 bxc3 14. bxc3 Rb8 15. h3 Re8 16. d4 c5 17. dxc5 dxc5 18. Qc1 c4 19. Qa3 Qc7 20. Bg5 Nd7 21. Ba4 Bb6 22. Rad1 h6 23. Bd2 Rd8 24. Be3 Bxe3 25. Rxe3 Nb6 26. Rxd8+ Qxd8 27. Bc2 Be6 28. Nf5 Qc7 29. Re1 Nd7 30. Rb1 Rxb1+ 31. Bxb1 Nf4 32. Ne7+ Kh8 33. Bc2 g6 34. Nf5 Qc5 35. Qxc5 Nxc5 36. Nd6 Ne2+ 37. Kf1 Nxc3 38. Nxe5 Nxa2 39. Nexc4 Nb4 40. Bb1 Na4 41. Na3 Nc3 42. Ke1 Kg7 43. Ne8+ Kf8 44. Nc7 Bd7 45. Kd2 Nxb1+ 46. Nxb1 Ke7 47. Kc3 Nc6 48. Kc4 Kd6 49. Nb5+ Ke5 50. Kc5 Nd8 51. Nxa7 Ne6+ 52. Kb6 Kxe4 53. Nc6 Bxc6 54. Kxc6 Nf4 55. Kd6 Nxg2 56. Ke7 f5 57. Kf6 Nh4 58. Kg7 Kf3 59. Kxh6 Kxf2 60. Kg5 Kg3 61. Nc3 Kxh3 62. Ne2 Ng2 63. Nd4 f4 64. Ne2 f3 65. Ng1+ Kg3 66. Nxf3 Kxf3 67. Kxg6 Ke4 1/2-1/2

[Event "Uralsk op"]
[Site "Uralsk"]
[Date "2023.07.21"]
[Round "1"]
[White "Kuziev, Miraziz"]
[Black "Nikitenko, Mihail"]
[Result "0-1"]
[WhiteElo "2049"]
[BlackElo "2540"]
[PlyCount "110"]
[EventDate "2023.07.21"]
[EventType "swiss"]
[EventRounds "9"]
[EventCountry "KAZ"]
[SourceTitle "CBM 215 Extra"]
[Source "ChessBase"]
[SourceDate "2023.09.30"]
[SourceVersion "1"]
[SourceVersionDate "2023.09.30"]
[SourceQuality "1"]

1. d4 d5 2. c4 e6 3. Nc3 a6 4. cxd5 exd5 5. Nf3 Nf6 6. Bf4 Be7 7. e3 h6 8. Bd3 Be6 9. h3 Nbd7 10. 0-0 0-0 11. a4 c5 12. dxc5 Nxc5 13. Bc2 Nfe4 14. Ne2 Qb6 15. Rb1 Rac8 16. b4 Nd7 17. a5 Qd8 18. Nfd4 Ndf6 19. f3 Nd6 20. Nxe6 fxe6 21. Nd4 Qd7 22. Ba4 Nb5 23. Qd2 Ne8 24. Qd3 Rc4 25. Rfc1 Qc8 26. Bc2 Rxf4 27. Qh7+ Kf8 28. Nxb5 axb5 29. exf4 Bxb4 30. Qd3 Qc5+ 31. Kh1 Ba3 32. Rd1 Rxc2 33. Rxb5 Rc3 34. Qb1 Qf2 35. Rf1 Qd2 36. Qg6 Rc1 37. Rb1 Rxf1+ 38. Rxf1 Nf6 39. Rb1 Qxf4 40. Rxb7 Qc1+ 41. Kh2 Bd6+ 42. g3 Qd2+ 43. Kh1 Qe1+ 44. Kh2 Qf2+ 45. Kh1 Qxf3+ 46. Kh2 Qe2+ 47. Kh1 Qe1+ 48. Kh2 Qd2+ 49. Kh1 Qc1+ 50. Kh2 Bc7 51. Qd3 Bxa5 52. Rb1 Qd2+ 53. Qxd2 Bxd2 54. Kg2 Ke7 55. Rb6 Nd7 0-1

[Event "Aktobe Dvorkovich op"]
[Site "Aktobe"]
[Date "2023.06.26"]
[Round "8"]
[White "Nikitenko, Mihail"]
[Black "Matlakov, Maxim"]
[Result "0-1"]
[WhiteElo "2526"]
[BlackElo "2662"]
[PlyCount "134"]
[EventDate "2023.06.20"]
[EventType "swiss"]
[EventRounds "9"]
[EventCountry "KAZ"]
[SourceTitle "CBM 214 Extra"]
[Source "ChessBase"]
[SourceDate "2023.07.31"]
[SourceVersion "1"]
[SourceVersionDate "2023.07.31"]
[SourceQuality "1"]

1. e4 e5 2. Nf3 Nc6 3. Bc4 Bc5 4. d3 d6 5. a4 a5 6. h3 Nf6 7. 0-0 Be6 8. Bb5 0-0 9. Bxc6 bxc6 10. Be3 Nd7 11. Nbd2 f5 12. Ng5 Qe7 13. Nxe6 Qxe6 14. exf5 Rxf5 15. Bxc5 Nxc5 16. Qg4 Qf7 17. Qc4 Rf4 18. Qxf7+ Kxf7 19. b3 Ne6 20. Rfe1 Nd4 21. Rac1 g5 22. Re3 h5 23. c3 Ne6 24. Rce1 c5 25. Kf1 Rf5 26. g3 Kg6 27. Ke2 Rb8 28. Rb1 Nd8 29. Rf3 Nc6 30. Rxf5 Kxf5 31. Rh1 Ke6 32. h4 g4 33. Rf1 Ne7 34. Kd1 d5 35. Ke2 Nf5 36. Rb1 Nd6 37. Re1 Kf5 38. f3 gxf3+ 39. Kxf3 e4+ 40. dxe4+ dxe4+ 41. Ke3 Ke5 42. Kf2 c4 43. bxc4 c5 44. Re2 Kf5 45. Nf1 Nxc4 46. g4+ Kf4 47. gxh5 Ne5 48. h6 Rh8 49. Ne3 Nd3+ 50. Kg2 Rxh6 51. Nc4 Rxh4 52. Nxa5 Ne5 53. Nb3 Ng4 54. Nd2 Rh2+ 55. Kf1 e3 56. Rxh2 Nxh2+ 57. Ke2 exd2 58. a5 Ng4 59. Kxd2 Ke4 60. a6 Ne3 61. a7 Nc4+ 62. Ke2 Nb6 63. Kd2 Kd5 64. Kd3 Kc6 65. Ke4 Kb7 66. Ke5 Kxa7 67. Kd6 Na4 0-1

[Event "Aktobe Dvorkovich op"]
[Site "Aktobe"]
[Date "2023.06.22"]
[Round "3"]
[White "Nikitenko, Mihail"]
[Black "Ibadov, Dashgyn"]
[Result "1-0"]
[WhiteElo "2526"]
[BlackElo "2391"]
[PlyCount "79"]
[EventDate "2023.06.20"]
[EventType "swiss"]
[EventRounds "9"]
[EventCountry "KAZ"]
[SourceTitle "CBM 214 Extra"]
[Source "ChessBase"]
[SourceDate "2023.07.31"]
[SourceVersion "1"]
[SourceVersionDate "2023.07.31"]
[SourceQuality "1"]

1. e4 c5 2. Ne2 Nc6 3. Nbc3 Nf6 4. g3 e6 5. Bg2 d5 6. exd5 exd5 7. d4 cxd4 8. Nxd4 Bg4 9. Nde2 Bb4 10. 0-0 Bxc3 11. bxc3 0-0 12. h3 Bf5 13. Rb1 b6 14. c4 Be4 15. f3 Bg6 16. cxd5 Na5 17. Nf4 Rc8 18. Nxg6 hxg6 19. f4 Qc7 20. Rf2 Rfd8 21. Bb2 Nxd5 22. Bxd5 Qc5 23. Bxf7+ Kxf7 24. Qg4 Qh5 25. Re1 Qxg4 26. hxg4 Rc4 27. Rfe2 Rd7 28. Ba3 Ra4 29. Re7+ Rxe7 30. Rxe7+ Kf6 31. Bd6 Nc4 32. Re4 b5 33. Be7+ Kf7 34. a3 Ra6 35. Bb4 Nxa3 36. Re7+ Kf6 37. Kg2 g5 38. fxg5+ Kxg5 39. Rxg7+ Kh6 40. Bf8 1-0